Mechanical engineering for GATE : (Record no. 103467)

MARC details
000 -LEADER
fixed length control field 00663nam a22002057a 4500
005 - DATE AND TIME OF LATEST TRANSACTION
control field 20160920165207.0
010 ## - LCCN (DPL NO)
LC control number ENG-116053
020 ## - INTERNATIONAL STANDARD BOOK NUMBER
Terms of availability 845.00
International Standard Book Number 9789352602193
020 ## - INTERNATIONAL STANDARD BOOK NUMBER
International Standard Book Number 9352602196
Terms of availability 845.00
035 ## - SYSTEM CONTROL NUMBER
System control number EN-99585
037 ## - SOURCE OF ACQUISITION
Source of stock number/acquisition DBAD/PUB
082 ## - DEWEY DECIMAL CLASSIFICATION NUMBER
Classification number 621.8
100 ## - MAIN ENTRY--PERSONAL NAME
Personal name Slariya, Vikas
245 ## - TITLE STATEMENT
Title Mechanical engineering for GATE :
Statement of responsibility, etc by Vikas Slariya
Remainder of title graduate aptitude test in engineering /
250 ## - EDITION STATEMENT
Edition statement fourth edition
260 ## - PUBLICATION, DISTRIBUTION, ETC. (IMPRINT)
Place of publication, distribution, etc Noida
Name of publisher, distributor, etc McGraw Hill Education
Date of publication, distribution, etc 2017
270 ## - ADDRESS
Address B-4, Sector - 63, Gautam Budh Nagar,
City Noida (UP)
Postal code 201301
300 ## - PHYSICAL DESCRIPTION
Extent various pagings :
Dimensions 25cm(pbk)
Other physical details ill
942 ## - ADDED ENTRY ELEMENTS (KOHA)
Source of classification or shelving scheme Dewey Decimal Classification
Item type English Books
Call number suffix SLA
Classification part 621.8
Holdings
Withdrawn status Lost status Not for loan Collection code Home library Current library Date acquired Source of acquisition Cost, normal purchase price Full call number Barcode Copy number Cost, replacement price Koha item type
    Not For Loan Non-fiction D.B.Act.Division D.B.Act.Division 20/09/2016 DBAD/PUB 845.00 621.8 SLA EN-99585 1 845.00 English Books

© Delhi Public Library
Hit Counter
free hit counter